Quizzes
Events
Quiz Creation
Community
Videos
Private Events
Remove Ads
Sign In
Join for FREE
Feedback
Dark Mode
Quiz Categories
Sports
Geography
Music
Movies
Television
Just For Fun
Miscellaneous
History
Literature
Language
Science
Gaming
Entertainment
Religion
Holiday
For Kids
Quiz Lab
Recent
Popular Today
Quiz Kudos Today
Editor Picks
Curator Picks
Quizzes by...
Day
Popularity
Type
Ratings
Length
Year
Community
Subscriptions
Recent Discussions
Orange Saloon
Badges
Playlists
Quests
Create
Leaderboards
Showdown
Live 5
Trivia Bingo
Activity
Puzzle Library
Sporcle Events
Private Events
Virtual Trivia
Globe League
Become a Host
Pub Owners
SporcleCon
Opinionation
Our Games
Videos
Blog
Mobile Apps
Partnerships
Remove Ads and Go Orange
Feedback
Music
Pop Music
The Beatles
Song
Album
Lyrics
Bands
Singers
Artist
Clip
Rock
Rap
Classical
Billboard
Country Music
Kpop
Taylor Swift
Music
Pop Music
The Beatles
Song
Album
Lyrics
Bands
Singers
Artist
Clip
Rock
Rap
Classical
Billboard
Country Music
Kpop
Taylor Swift
Random Quiz
Search Sporcle
×
Quiz Lab
Quiz Lab
Music
Pop Music
Type in answers that appear in a list
Type in answers that appear in a list
Classic
Best Score? Go Orange.
New Man Lyrics Ed Sheeran Stats
Can you name the New Man Lyrics Ed Sheeran?
By
lilmisshells
10m
300 Questions
1,696 Plays
1,696 Plays
1,696 Plays
Comments
Comments
Give Quiz Kudos
Give Quiz Kudos
-
- Ratings
hide this ad
Replay
Link that replays current quiz
Next Quiz
Link to next quiz in quiz playlist
You Got
0%
They Got
Avg Score
80%
Avg Friend Score
Upgrade to see
Score Distribution
Jump to the score distribution portion of the page
Score
0/300
Timer
10:00
0
Plays Today
Answer
% Correct
[chorus]
100%
the
98%
a
98%
and
98%
a
98%
and
98%
and
98%
and
98%
and
98%
a
98%
the
98%
the
98%
and
98%
a
98%
a
98%
the
98%
and
98%
a
98%
a
98%
the
98%
a
98%
and
98%
a
98%
a
98%
the
98%
the
98%
the
98%
a
98%
the
98%
and
98%
the
98%
the
98%
a
98%
and
98%
I
97.9%
I
97.9%
I
97.9%
I
97.9%
I
97.9%
I
97.9%
I
97.9%
new
95.4%
new
95.4%
he
95.3%
he
95.3%
he
95.3%
he
95.3%
he
95.3%
he
95.3%
he
95.3%
you
94.1%
you
94.1%
you
94.1%
you
94.1%
you
94.1%
you
94.1%
you
94.1%
you
94.1%
you
94.1%
you
94.1%
you
94.1%
to
93.9%
to
93.9%
to
93.9%
to
93.9%
to
93.9%
to
93.9%
to
93.9%
we
93.3%
me
92.9%
me
92.9%
me
92.9%
know
92.2%
know
92.2%
don't
92%
man
92%
man
92%
your
91.7%
your
91.7%
it
91.4%
it
91.4%
it
91.4%
it
91.4%
hear
91.2%
on
90.8%
on
90.8%
on
90.8%
on
90.8%
on
90.8%
be
90.7%
be
90.7%
be
90.7%
be
90.7%
at
89.8%
at
89.8%
at
89.8%
at
89.8%
gym
89.2%
gym
89.2%
heard
89.1%
Answer
% Correct
heard
89.1%
so
88.9%
so
88.9%
in
88.8%
in
88.8%
in
88.8%
his
88.7%
his
88.7%
his
88.7%
his
88.7%
six
88.5%
no
88%
goes
87%
goes
87%
that
87%
that
87%
week
86.8%
what
86.4%
what
86.4%
but
86.3%
but
86.3%
but
86.3%
but
86.3%
but
86.3%
but
86.3%
wears
85.7%
with
85.7%
of
85.7%
of
85.7%
wears
85.7%
with
85.7%
of
85.7%
wears
85.7%
of
85.7%
of
85.7%
with
85.7%
of
85.7%
times
85.7%
I'm
85.3%
I'm
85.3%
he's
84.6%
he's
84.6%
bleached
84%
got
84%
keepin
83.7%
trying
83.7%
trying
83.7%
cause
83.6%
about
83.4%
about
83.4%
least
83.1%
eyebrows
82.8%
jeans
82.7%
every
82.5%
that's
82.5%
that's
82.5%
every
82.5%
five
82.1%
pounds
82%
eats
81.8%
diet
81.7%
by
81.7%
back
81.5%
back
81.5%
****
81%
makes
81%
makes
81%
call
80.8%
watches
80.8%
fine
80.8%
spent
80.4%
hundred
80.3%
boy
80.2%
boy
80.2%
just
80.2%
just
80.2%
let
80.1%
let
80.1%
if
80%
if
80%
not
79.9%
socks
79.8%
feet
79.5%
happy
79.3%
Instagram
79.2%
still
79%
still
79%
shoes
78.7%
up
78.7%
up
78.7%
I'll
78.6%
I'll
78.6%
real
78.3%
plucked
78.2%
double
77.9%
where
77.8%
tap
77.8%
way
77.5%
trouble's
76.9%
means
76.8%
Answer
% Correct
when
76.7%
when
76.7%
lookin
76.6%
creepin'
76.6%
my
76.4%
CD
76.2%
from
76.2%
were
75.9%
were
75.9%
owns
75.6%
lil
75.3%
tattoos
75.1%
used
75%
days
74.1%
hand
73.8%
hold
73.7%
wanna
73.5%
sunglasses
73.4%
kind
73.3%
him
72.7%
him
72.7%
remind
72.5%
boat
72.4%
has
72.4%
girl
72.1%
girl
72.1%
out
72%
purse
71.9%
young
71.7%
loved
71.7%
single
70.6%
bag
70.1%
nighttime
69.8%
indoors
69.6%
beer
69.2%
winter
69%
talk
68.8%
talk
68.8%
jealous
68.6%
Kim
68.2%
champagne
68%
shoulder
67.8%
drinks
67.8%
give
67.4%
cans
67.1%
room
66.4%
song
65.9%
sixpack
65.6%
Superman
65.5%
all
65.4%
light
65.3%
comes
65.1%
sign
65%
cider
65%
let's
64.4%
rap
64.1%
Kylie
63.7%
fellas
63.5%
eating
63.4%
eating
63.4%
keeping
63.3%
you're
63.1%
kissing
62.8%
ministry
62.4%
tribal
62.4%
enough
62.4%
ain't
62.3%
sipped
62.1%
house
61.9%
never
60.9%
club
60.9%
crisps
59.5%
type
59.2%
year
58.9%
now
58.8%
everytime
58.8%
cheating
58.2%
kale
58.2%
wasn't
56.3%
alone
55.4%
hitting
54.7%
gun
54.6%
find
54.4%
reading
53.7%
says
53.6%
sat
53.6%
need
53.2%
ok
53%
rents
52.8%
water
51.5%
guess
50.8%
packet
48.9%
beside
48.4%
Lane
46.7%
Malaga
46.7%
chune
44.2%
burb
43.1%
Lois
41.2%
will
31.4%
bwoydem
24.2%
Quiz Playlist
Details
Report
Send in Message
Add To Playlist
Classic:
Type in answers that appear in a list
Last Updated: Apr 14, 2017
Quiz Scoreboard
CHALLENGE
Sign Up to Join the Scoreboard
Show All
Scores
Hide
Comments
May contain spoilers
Recently Published
One Thing in Common: World Cities II
by knightlancer
Geography
7m
Popular People in 1961
by mucciniale
History
6m
1-10 Letter E Words III
by El_Dandy
Language
2m
More to Explore
Quiz From the Vault
Featured Blog Post
Where Did the Easter Bunny Come From?
hide this ad
You Might Also Like...
Tags
Lyrics Quiz
Pop Music Quiz
Ed Sheeran
Today's Top Quizzes in Music
Browse Music
hide this ad
Today's Top Quizzes in Pop Music
Browse Pop Music
Top Contributed Quizzes in Music
1
Taylor Swift All Songs (2024)
2
2010s Album by Cover III
3
One Thing in Common: Music
4
Taylor Swift Logic Puzzle
5
Guess the Artist- 70s Songs
6
2010s Album by Cover IV
7
Guess the Taylor Swift song (Mystery Song)
8
2010s Album by Cover V
9
Lana Del Rey Discography (BTD to DYKTTATUOB)
10
2010s Album by Cover VI
Explore More
Trending Topics
Disney
NBA
Marvel
Kpop
Anime
Harry Potter
Crossword
WWE
NFL
Country
Pokémon
Song
Soccer
The Office
Puzzle
hide this ad
More By:
lilmisshells
Quiz
Plays
Rating
Category
Featured
Created
champagne problems Lyrics - Taylor Swift
10,894
5.00
Music
Dec 11, 2020
All too well Lyrics by Taylor Swift
10,086
4.16
Music
Jul 26, 2016
Getaway Car Lyrics - Taylor Swift
9,773
4.69
Music
Nov 12, 2017
no body, no crime Lyrics - Taylor Swift (feat. HAIM)
5,743
4.79
Music
Dec 11, 2020
'tis the damn season Lyrics - Taylor Swift
5,495
4.83
Music
Dec 11, 2020
Go to Creator's Profile
Score Distribution
Quiz Creator Spotlight
lilmisshells
Follow
Send a Message
Quizzes Created
-
Created Quiz Play Count
-
More By This Creator
Popular Quizzes Today
1
Find the US States - No Outlines Minefield
2
Find the Countries of Europe - No Outlines Minefield
3
The Countries of the World
4
Popular People in 1961
5
1-10 Letter E Words III
6
Find the US States
7
One Thing in Common: World Cities II
8
US States
More Music Quizzes
100 albums from the 2000s
Curator's Pick
Trending Quizzes
Risky Map Clicking: Least Populous States A-Z
1-10 Letter F Words
1-10 Letter G Words
One Thing in Common: United Kingdom
Risky Map Clicking: Biggest States A-Z
Recently Updated
Leaping Animals
pecheneg
Reality TV Shows (A-Z)
bhenderson79
Rickey Henderson's Hall of Fame Teammates
pecheneg
Champions League XIs: Arsenal
pecheneg
Quick Pick: Celebrities in WWE's Hall of Fame
aduchscher
A-Z Keypad Blitz II
pecheneg
Multiple Oscar Actors
pecheneg
Mystery Phrase Blitz: Oscar 'Best Actors'
pecheneg
F. Scott Fitzgerald Novels
LTH
Pick 3 Villains
ddd62291
Trending Topics
Crossword
Kpop
Harry Potter
Anime
Marvel
NBA
Disney
Soccer
Pokémon
Song
WWE
NFL
Puzzle
Country
The Office
Your Account Isn't Verified!
In order to create a playlist on Sporcle, you need to verify the email address you used during registration. Go to your
Sporcle Settings
to finish the process.
Report this User
Report this user for behavior that violates our
Community Guidelines
.
Details:
Send Report
Go to the Sporcle.com Mobile Site →
Comments